[Event "Scarborough CC Late Fall Swiss"]
[Site "Toronto"]
[Date "2006.12.14"]
[Round "7"]
[White "Lourie, Bill"]
[Black "Dattani, Dinesh"]
[Result "0-1"]
[WhiteElo "1249"]
[BlackElo "1347"]
[PlyCount "75"]
[EventDate "2006.11.02"]
[EventType "swiss"]
[EventRounds "8"]
[EventCountry "CAN"]
[SourceTitle "EXT 2022"]
[Source "ChessBase"]
[SourceDate "2021.10.06"]
[SourceVersion "1"]
[SourceVersionDate "2021.10.06"]
[SourceQuality "1"]

1. Nf3 Nf6 2. d4 d5 3. e3 Nc6 4. Bd3 Bg4 5. 0-0 e6 6. Nbd2 Bd6 7. c4 Nb4 8. Be2 c5 9. a3 Nc6 10. dxc5 Bxc5 11. b4 Be7 12. Bb2 0-0 13. Rc1 Rc8 14. Ne5 Bxe2 15. Qxe2 Nxe5 16. Bxe5 Bd6 17. f4 Qc7 18. cxd5 Qxc1 19. Rxc1 Rxc1+ 20. Kf2 Bxe5 21. fxe5 Nxd5 22. Ne4 Rfc8 23. Kg3 h6 24. Qf3 R8c7 25. Nf6+ Nxf6 26. exf6 g6 27. h4 R1c3 28. Kh3 Rxa3 29. Qf4 Rxe3+ 30. Kh2 Rf3 31. gxf3 Rc2+ 32. Kg3 Kh7 33. Qb8 g5 34. h5 Rh2 35. Qf8 Rh3+ 36. Kxh3 g4+ 37. fxg4 a5 38. Qg7# 0-1